[Event "Titled Tuesday intern op 20th May Late"]
[Site "Chess.com INT"]
[Date "2025.05.20"]
[Round "4"]
[White "Drozdowski, Kacper"]
[Black "Gelman, Alexander"]
[Result "1-0"]
[WhiteElo "2450"]
[BlackElo "2403"]
[PlyCount "133"]
[EventDate "2025.05.20"]
[EventType "swiss (blitz)"]
[EventRounds "11"]
[EventCountry "USA"]
[SourceTitle "CB22_2025"]
[SourceDate "2025.05.28"]
[SourceVersion "1"]
[SourceVersionDate "2025.05.28"]
[SourceQuality "1"]

1. e4 c5 2. Nf3 e6 3. b3 a6 4. Bb2 d6 5. c4 Nf6 6. Nc3 Nc6 7. d4 cxd4 8. Nxd4 Bd7 9. Be2 Be7 10. 0-0 0-0 11. Qd2 Nxd4 12. Qxd4 Bc6 13. Rad1 Qc7 14. Rfe1 Rfd8 15. a4 Rac8 16. Rd3 Ne8 17. Rg3 Bf6 18. Qd2 Kh8 19. Bd1 Qa5 20. Rd3 b5 21. axb5 axb5 22. cxb5 Bxb5 23. Nxb5 Qxb5 24. Bxf6 Nxf6 25. Rxd6 Rxd6 26. Qxd6 h6 27. h3 Kg8 28. Qd2 Qb6 29. Bc2 Qc5 30. Bd3 Rd8 31. Qe2 Qc3 32. Bc4 Rd2 33. Qe3 Qb2 34. Qf4 g5 35. Qe3 Kg7 36. g3 Nd7 37. e5 Nf8 38. Kg2 Ng6 39. Re2 Rxe2 40. Qxe2 Qd4 41. Qd3 Qxe5 42. b4 h5 43. b5 Qc5 44. Qb3 Ne5 45. Be2 Qb6 46. Qc3 f6 47. Qd2 Qb7+ 48. Kg1 Qe4 49. Qe3 Qb1+ 50. Kg2 h4 51. gxh4 gxh4 52. Qf4 Qb2 53. Qe4 f5 54. Qe3 Kf6 55. Qh6+ Ke7 56. Qxh4+ Kd6 57. Qd8+ Kc5 58. Qc7+ Kd4 59. Qd6+ Ke4 60. Qd1 f4 61. f3+ Ke3 62. Kf1 Qc3 63. Qe1 Qb2 64. Qf2+ Kd2 65. Bc4+ Kc3 66. Qxb2+ Kxb2 67. b6 1-0

[Event "Titled Tuesday intern op 11th Mar Late"]
[Site "Chess.com INT"]
[Date "2025.03.11"]
[Round "3"]
[White "Drozdowski, Kacper"]
[Black "Sargsyan, Anna M"]
[Result "1-0"]
[WhiteElo "2450"]
[BlackElo "2357"]
[PlyCount "87"]
[EventDate "2025.03.11"]
[EventType "swiss (blitz)"]
[EventRounds "11"]
[EventCountry "USA"]
[SourceTitle "CB12_2025"]
[SourceDate "2025.03.19"]
[SourceVersion "1"]
[SourceVersionDate "2025.03.19"]
[SourceQuality "1"]

1. e4 e5 2. Nf3 Nc6 3. Bc4 Bc5 4. c3 Nf6 5. d3 d6 6. Bb3 0-0 7. h3 Bb6 8. Nbd2 Be6 9. Nh2 d5 10. Qf3 dxe4 11. dxe4 Qd7 12. Ndf1 Rad8 13. Bg5 Bxb3 14. axb3 Qd3 15. Qxd3 Rxd3 16. Bxf6 gxf6 17. Ng4 Kg7 18. b4 h5 19. Nge3 Kg6 20. Ke2 Rfd8 21. Nd5 R8xd5 22. exd5 Rxd5 23. Ne3 Bxe3 24. Kxe3 a6 25. Rhd1 Ne7 26. Rxd5 Nxd5+ 27. Ke4 c6 28. h4 Nb6 29. Rd1 Nc4 30. b3 f5+ 31. Kf3 Na3 32. Rd7 Nb5 33. c4 Nd4+ 34. Ke3 Nxb3 35. Rxb7 a5 36. b5 cxb5 37. cxb5 a4 38. b6 Nd4 39. Ra7 a3 40. b7 f4+ 41. Kd3 Nc6 42. Ra6 a2 43. Rxc6+ Kf5 44. Ra6 1-0

[Event "Titled Tuesday intern op 11th Mar Late"]
[Site "Chess.com INT"]
[Date "2025.03.11"]
[Round "11"]
[White "Ilinca Ilinca, Felix Antonio"]
[Black "Drozdowski, Kacper"]
[Result "1-0"]
[WhiteElo "2408"]
[BlackElo "2450"]
[PlyCount "217"]
[EventDate "2025.03.11"]
[EventType "swiss (blitz)"]
[EventRounds "11"]
[EventCountry "USA"]
[SourceTitle "CB12_2025"]
[SourceDate "2025.03.19"]
[SourceVersion "1"]
[SourceVersionDate "2025.03.19"]
[SourceQuality "1"]

1. d4 Nf6 2. Nc3 d5 3. Bf4 e6 4. Nb5 Na6 5. e3 c6 6. Nc3 Nc7 7. Nf3 Bd6 8. Bd3 Qe7 9. 0-0 h6 10. Bxd6 Qxd6 11. e4 dxe4 12. Nxe4 Nxe4 13. Bxe4 0-0 14. Qe2 Nd5 15. c4 Nf6 16. c5 Qf4 17. Bc2 b6 18. Rad1 Bb7 19. Rfe1 Rad8 20. h3 bxc5 21. dxc5 Qb4 22. Qe5 Rd5 23. Rxd5 exd5 24. Qd4 Qa5 25. Re7 Ba8 26. a4 a6 27. b4 Qd8 28. Qe5 Re8 29. Rxe8+ Nxe8 30. Nd4 g6 31. h4 h5 32. Bd3 Bb7 33. g3 Nf6 34. f3 Ne8 35. Kf2 Qd7 36. Kg2 Qd8 37. g4 hxg4 38. fxg4 Nf6 39. Qg5 Qe7 40. Nf5 Qe6 41. Nd6 Nxg4 42. Nxb7 d4 43. Qd8+ Kh7 44. Qxd4 Ne3+ 45. Kg1 Qh3 46. Qe4 Qg3+ 47. Kh1 Ng4 48. Qg2 Qxh4+ 49. Kg1 Qe1+ 50. Bf1 Qe3+ 51. Kh1 Qh6+ 52. Kg1 Qe3+ 53. Kh1 Nf2+ 54. Kh2 f5 55. Qg3 Ng4+ 56. Kh3 Qd2 57. Bg2 Nf2+ 58. Kh2 Ng4+ 59. Kg1 Qc1+ 60. Bf1 Qd2 61. Nd6 Qd4+ 62. Kh1 Qxb4 63. Nf7 Kg7 64. Ng5 Qd2 65. Ne6+ Kf6 66. Nf4 Qd7 67. Qc3+ Kg5 68. Nh3+ Kh4 69. Qh8+ Kg3 70. Qc3+ Kh4 71. Kg1 Qd8 72. Nf2 Nxf2 73. Kxf2 Kg5 74. Qg3+ Kh6 75. Qf4+ Kg7 76. Qe5+ Kh6 77. Qh2+ Kg7 78. Qe5+ Kh6 79. Qe3+ Kg7 80. Bg2 Qf6 81. Qd2 Qe5 82. Qd6 Qb2+ 83. Kg3 Qb3+ 84. Bf3 Qxa4 85. Qxc6 Qd4 86. Qc7+ Kh8 87. Qb8+ Kg7 88. Qd6 Qg1+ 89. Kh3 Qf1+ 90. Bg2 Qc1 91. c6 Qh6+ 92. Kg3 Qg5+ 93. Kf2 Qh4+ 94. Ke2 Qc4+ 95. Kf2 Qc2+ 96. Kg1 Qc1+ 97. Kf2 Qc2+ 98. Kg3 Qc3+ 99. Bf3 Qe1+ 100. Kg2 g5 101. c7 g4 102. Qd4+ Kg6 103. Bxg4 fxg4 104. c8Q Qe2+ 105. Qf2 Qe4+ 106. Kg1 Qb1+ 107. Kh2 Qe4 108. Qg8+ Kh6 109. Qh4# 1-0

[Event "Titled Tuesday intern op 04th Mar Early"]
[Site "Chess.com INT"]
[Date "2025.03.04"]
[Round "9"]
[White "Drozdowski, Kacper"]
[Black "Nihal, Sarin"]
[Result "0-1"]
[WhiteElo "2450"]
[BlackElo "2687"]
[PlyCount "102"]
[EventDate "2025.03.04"]
[EventType "swiss (blitz)"]
[EventRounds "11"]
[EventCountry "USA"]
[SourceTitle "CB11_2025"]
[SourceDate "2025.03.12"]
[SourceVersion "1"]
[SourceVersionDate "2025.03.12"]
[SourceQuality "1"]

1. e4 e5 2. Nf3 Nc6 3. Bc4 d6 4. c3 f5 5. d3 f4 6. b4 Qf6 7. a4 g5 8. Qb3 Nge7 9. h3 h5 10. h4 gxh4 11. Nxh4 Ng6 12. Nf3 Bg4 13. Nbd2 h4 14. Bb2 Be7 15. a5 a6 16. 0-0-0 0-0-0 17. Bd5 Bd7 18. b5 Nxa5 19. Qa2 b6 20. Nc4 Bxb5 21. Nxa5 bxa5 22. c4 Be8 23. Qxa5 Bf8 24. Qxa6+ Kd7 25. d4 Rh5 26. dxe5 Nxe5 27. c5 Ke7 28. cxd6+ cxd6 29. Kb1 Bd7 30. Nxe5 Rxe5 31. g3 Rb8 32. Rd2 Bg7 33. Qa3 fxg3 34. fxg3 h3 35. Ka2 Rxb2+ 36. Rxb2 Rg5 37. Rc2 Qd4 38. Rb1 Rxd5 39. exd5 Qxd5+ 40. Rb3 Qe5 41. Re3 Be6+ 42. Kb1 Qb5+ 43. Kc1 Qf1+ 44. Kd2 Qg2+ 45. Re2 Qd5+ 46. Kc1 Bh6+ 47. Kb1 Qd1+ 48. Kb2 Bg7+ 49. Rc3 Qxe2+ 50. Kc1 Qe1+ 51. Kc2 Qxc3+ 0-1

[Event "Titled Tuesday intern op 04th Mar Early"]
[Site "Chess.com INT"]
[Date "2025.03.04"]
[Round "10"]
[White "Firouzja, Alireza"]
[Black "Drozdowski, Kacper"]
[Result "0-1"]
[WhiteElo "2757"]
[BlackElo "2450"]
[PlyCount "74"]
[EventDate "2025.03.04"]
[EventType "swiss (blitz)"]
[EventRounds "11"]
[EventCountry "USA"]
[SourceTitle "CB11_2025"]
[SourceDate "2025.03.12"]
[SourceVersion "1"]
[SourceVersionDate "2025.03.12"]
[SourceQuality "1"]

1. d4 Nf6 2. c4 e6 3. Nc3 d5 4. cxd5 exd5 5. Bg5 c6 6. e3 Be7 7. Bd3 0-0 8. Nge2 Nh5 9. Bxe7 Qxe7 10. Qc2 h6 11. h3 a5 12. g4 Nf6 13. Ng3 Na6 14. a3 c5 15. Nce2 c4 16. Bf5 Bxf5 17. Nxf5 Qd7 18. h4 Ne4 19. f3 Nd6 20. Neg3 Rfe8 21. Kf2 Re6 22. g5 Nxf5 23. Qxf5 g6 24. Qf4 h5 25. e4 Nc7 26. Rhe1 dxe4 27. Nxe4 Qxd4+ 28. Kg3 Nd5 29. Qc1 Rae8 30. Rd1 Qe5+ 31. Kg2 Nf4+ 32. Kh1 b5 33. Qd2 Nd3 34. a4 Qf5 35. Qg2 Rxe4 36. fxe4 Rxe4 37. Qg3 Rg4 0-1

[Event "Titled Tuesday intern op 25th Feb Early"]
[Site "Chess.com INT"]
[Date "2025.02.25"]
[Round "4"]
[White "Belov, Alexei"]
[Black "Drozdowski, Kacper"]
[Result "0-1"]
[WhiteElo "2421"]
[BlackElo "2450"]
[PlyCount "74"]
[EventDate "2025.02.25"]
[EventType "swiss (blitz)"]
[EventRounds "11"]
[EventCountry "USA"]
[SourceTitle "CB10_2025"]
[SourceDate "2025.03.05"]
[SourceVersion "1"]
[SourceVersionDate "2025.03.05"]
[SourceQuality "1"]

1. e4 c5 2. Nf3 e6 3. d4 cxd4 4. Nxd4 Nc6 5. Nc3 Qc7 6. Be2 a6 7. 0-0 Nf6 8. a4 Bb4 9. Nxc6 bxc6 10. Qd4 Bd6 11. f4 e5 12. Qf2 exf4 13. Bxf4 Bxf4 14. Qxf4 Qxf4 15. Rxf4 d6 16. Bc4 Ke7 17. Re1 Be6 18. e5 dxe5 19. Rxe5 a5 20. Bxe6 fxe6 21. Ne4 Nd7 22. Rg5 g6 23. Nc5 h6 24. Rxg6 Nxc5 25. Rc4 Kd6 26. Rgg4 e5 27. Rg6+ Ne6 28. c3 Rag8 29. Rcg4 Rxg6 30. Rxg6 c5 31. g3 c4 32. Kf2 Kd5 33. Ke3 Nc5 34. Rb6 Nxa4 35. Rb5+ Nc5 36. Rxa5 Rb8 37. Ra6 Nxa6 0-1

[Event "Titled Tuesday intern op 25th Feb Early"]
[Site "Chess.com INT"]
[Date "2025.02.25"]
[Round "7"]
[White "Drozdowski, Kacper"]
[Black "Theodorou, Nikolas"]
[Result "0-1"]
[WhiteElo "2450"]
[BlackElo "2611"]
[PlyCount "80"]
[EventDate "2025.02.25"]
[EventType "swiss (blitz)"]
[EventRounds "11"]
[EventCountry "USA"]
[SourceTitle "CB10_2025"]
[SourceDate "2025.03.05"]
[SourceVersion "1"]
[SourceVersionDate "2025.03.05"]
[SourceQuality "1"]

1. e4 d5 2. exd5 Qxd5 3. Nf3 Bg4 4. Be2 Nc6 5. 0-0 0-0-0 6. Nc3 Qf5 7. d3 e6 8. Be3 Nf6 9. Ng5 Bxe2 10. Qxe2 Nd5 11. Nxd5 exd5 12. Qf3 Qxf3 13. Nxf3 Bd6 14. Rfe1 Rhe8 15. Kf1 Kd7 16. g4 Ne5 17. Nxe5+ Bxe5 18. c3 Bxh2 19. f4 Bg3 20. Re2 Bh4 21. Kg2 h6 22. Rh1 Be7 23. Bd4 f6 24. Kf3 Bd6 25. Rg2 c5 26. Be3 Rf8 27. Bd2 Rde8 28. Rh5 Kc6 29. Re2 Rxe2 30. Kxe2 Re8+ 31. Kf3 Rf8 32. Ke2 b5 33. b3 Rf7 34. c4 bxc4 35. dxc4 dxc4 36. bxc4 Rb7 37. Kd3 Rb2 38. g5 hxg5 39. fxg5 fxg5 40. Rxg5 Rxd2+ 0-1

[Event "Titled Tuesday intern op 11th Feb Early"]
[Site "Chess.com INT"]
[Date "2025.02.11"]
[Round "11"]
[White "Drozdowski, Kacper"]
[Black "Kosteniuk, Alexandra"]
[Result "1/2-1/2"]
[WhiteElo "2450"]
[BlackElo "2484"]
[PlyCount "84"]
[EventDate "2025.02.11"]
[EventType "swiss (blitz)"]
[EventRounds "11"]
[EventCountry "USA"]
[SourceTitle "CB08_2025"]
[SourceDate "2025.02.19"]
[SourceVersion "1"]
[SourceVersionDate "2025.02.19"]
[SourceQuality "1"]

1. e4 c6 2. d4 d5 3. Nc3 dxe4 4. Nxe4 Nf6 5. Nxf6+ exf6 6. c3 Bd6 7. Bd3 Qe7+ 8. Ne2 0-0 9. Qc2 h5 10. Bd2 Nd7 11. 0-0-0 b5 12. Rhe1 Qd8 13. Ng3 Bxg3 14. hxg3 Nb6 15. Be4 Be6 16. Kb1 Qd7 17. Rh1 g6 18. Bh6 f5 19. Bxf8 fxe4 20. Bc5 Qd5 21. b3 Nd7 22. Kb2 a5 23. Rde1 Nxc5 24. dxc5 Bf5 25. g4 hxg4 26. Rd1 Qxc5 27. Qd2 b4 28. Rc1 Qe5 29. Qh6 Qg7 30. Qxg7+ Kxg7 31. cxb4 axb4 32. Rxc6 Rd8 33. Kc1 g3 34. fxg3 Rd3 35. Rc4 Rxg3 36. Rxb4 Rxg2 37. a4 e3 38. Re1 Rc2+ 39. Kd1 Rd2+ 40. Kc1 Rc2+ 41. Kd1 Rd2+ 42. Kc1 Rc2+ 1/2-1/2

[Event "Titled Tuesday intern op 11th Feb Early"]
[Site "Chess.com INT"]
[Date "2025.02.11"]
[Round "8"]
[White "Drozdowski, Kacper"]
[Black "Martinez Alcantara, Jose Eduardo"]
[Result "1/2-1/2"]
[WhiteElo "2450"]
[BlackElo "2606"]
[PlyCount "185"]
[EventDate "2025.02.11"]
[EventType "swiss (blitz)"]
[EventRounds "11"]
[EventCountry "USA"]
[SourceTitle "CB08_2025"]
[SourceDate "2025.02.19"]
[SourceVersion "1"]
[SourceVersionDate "2025.02.19"]
[SourceQuality "1"]

1. e4 e6 2. d4 d5 3. Nc3 Bb4 4. Nge2 Nc6 5. a3 Ba5 6. exd5 exd5 7. b4 Bb6 8. Be3 Nge7 9. g3 Nf5 10. Bg2 Nxe3 11. fxe3 Ne7 12. Nf4 c6 13. 0-0 0-0 14. Qd2 Nf5 15. Rae1 Nd6 16. Kh1 f5 17. Nd3 Be6 18. Ne5 Nf7 19. Nxf7 Rxf7 20. Na4 Qe7 21. Nc5 Bxc5 22. bxc5 Re8 23. a4 Qg5 24. a5 a6 25. Rb1 Rfe7 26. Rb3 Bc8 27. Re1 h5 28. Qf2 Qf6 29. h4 g5 30. hxg5 Qxg5 31. Qf4 Rg7 32. Qxg5 Rxg5 33. Kh2 Re7 34. Rg1 Reg7 35. Rbb1 Re7 36. Rbe1 Kh7 37. Bf3 Kh6 38. Kg2 Bd7 39. Kf2 Be8 40. Rh1 Bf7 41. Rh4 Re8 42. c3 Re7 43. Reh1 Be8 44. Rb1 Bg6 45. Rhh1 Be8 46. Rb2 Rgg7 47. Rbb1 Rg5 48. Rbc1 Bf7 49. Rce1 Re8 50. Rh4 Re7 51. Rf4 Be8 52. Rh1 Bg6 53. Be2 Re8 54. Bd3 Re7 55. c4 dxc4 56. Bxc4 Be8 57. Be2 Bg6 58. Bf3 Bf7 59. Rb1 Be6 60. Rb6 Kg7 61. Rb1 Kh6 62. Rh1 Bf7 63. Rfh4 Bg6 64. Rc1 Bf7 65. Rc2 Bg6 66. Rb2 Be8 67. Rf4 Bf7 68. Rb6 Kg7 69. Rb1 Kh6 70. Rh1 Bg6 71. Rfh4 Bf7 72. Rd1 Kg7 73. Rb1 Kh6 74. Rb2 Kg7 75. Rb6 Rd7 76. Rb1 Re7 77. Re1 Bg6 78. Rf4 Kh6 79. Rh1 Kg7 80. Be2 Kh6 81. Bd3 Rd7 82. Bc4 Re7 83. Kf3 Kg7 84. Rh2 Be8 85. Kf2 Bg6 86. Rh1 Be8 87. Bd3 Bg6 88. Rb1 Kh6 89. Be2 Kg7 90. Bf3 Bf7 91. Rh4 Kh6 92. Rhh1 Kg7 93. Rh4 1/2-1/2

[Event "Titled Tuesday intern op 11th Feb Early"]
[Site "Chess.com INT"]
[Date "2025.02.11"]
[Round "2"]
[White "Drozdowski, Kacper"]
[Black "Thai, Ngoc Tuong Minh"]
[Result "1-0"]
[WhiteElo "2450"]
[BlackElo "1967"]
[PlyCount "63"]
[EventDate "2025.02.11"]
[EventType "swiss (blitz)"]
[EventRounds "11"]
[EventCountry "USA"]
[SourceTitle "CB09_2025"]
[SourceDate "2025.02.27"]
[SourceVersion "1"]
[SourceVersionDate "2025.02.27"]
[SourceQuality "1"]

1. e4 c5 2. Nf3 d6 3. d4 cxd4 4. Nxd4 Nf6 5. f3 e5 6. Nb3 Nc6 7. c4 Be6 8. Be3 Be7 9. Nc3 0-0 10. Qd2 Nd7 11. Be2 f5 12. exf5 Bxf5 13. 0-0 Be6 14. Nd5 Nf6 15. Rfd1 Bxd5 16. cxd5 Nb8 17. Na5 Qd7 18. Rac1 Bd8 19. Qb4 b6 20. Nc6 Nh5 21. Bb5 a6 22. Nxd8 Qxd8 23. Bc6 Nxc6 24. dxc6 Nf4 25. Bxf4 Rxf4 26. Qxd6 Qg5 27. c7 Rff8 28. Qd5+ Kh8 29. Qxa8 Qe3+ 30. Kh1 Rxa8 31. c8Q+ Rxc8 32. Rxc8# 1-0

[Event "Titled Tuesday intern op 04th Feb Early"]
[Site "Chess.com INT"]
[Date "2025.02.04"]
[Round "4"]
[White "Drozdowski, Kacper"]
[Black "Alonso Rosell, Alvar"]
[Result "1-0"]
[WhiteElo "2450"]
[BlackElo "2535"]
[PlyCount "73"]
[EventDate "2025.02.04"]
[EventType "swiss (blitz)"]
[EventRounds "11"]
[EventCountry "USA"]
[SourceTitle "CB07_2025"]
[SourceDate "2025.02.12"]
[SourceVersion "1"]
[SourceVersionDate "2025.02.12"]
[SourceQuality "1"]

1. e4 c6 2. d4 d5 3. Nc3 dxe4 4. Nxe4 Nf6 5. Nxf6+ exf6 6. c3 Bd6 7. Bd3 0-0 8. Ne2 Re8 9. Qc2 h5 10. Bd2 Nd7 11. 0-0-0 Nf8 12. Ng3 Be6 13. Kb1 Rc8 14. Rhe1 g6 15. Ne4 Be7 16. f3 Qa5 17. c4 Qc7 18. Bc3 f5 19. Nc5 Qxh2 20. Rh1 Qg3 21. Rh3 Qg5 22. Nxe6 Nxe6 23. g4 hxg4 24. fxg4 fxg4 25. Rhh1 Bf6 26. Qh2 Kf8 27. Rdf1 Ke7 28. Bd2 Qh5 29. Qg3 Qxh1 30. Rxh1 Bxd4 31. Qxg4 Rh8 32. Re1 c5 33. Bxg6 Rcg8 34. Qg5+ Kd7 35. Qd5+ Kc8 36. Bxf7 Nc7 37. Qf5+ 1-0

[Event "Titled Tuesday intern op 04th Feb Early"]
[Site "Chess.com INT"]
[Date "2025.02.04"]
[Round "7"]
[White "Drozdowski, Kacper"]
[Black "Nakamura, Hikaru"]
[Result "0-1"]
[WhiteElo "2450"]
[BlackElo "2802"]
[PlyCount "122"]
[EventDate "2025.02.04"]
[EventType "swiss (blitz)"]
[EventRounds "11"]
[EventCountry "USA"]
[SourceTitle "CB07_2025"]
[SourceDate "2025.02.12"]
[SourceVersion "1"]
[SourceVersionDate "2025.02.12"]
[SourceQuality "1"]

1. e4 g6 2. d4 c6 3. Nc3 d5 4. Nf3 Bg4 5. h3 Bxf3 6. Qxf3 e6 7. g4 Bg7 8. Be3 Nd7 9. 0-0-0 Qa5 10. Kb1 Ngf6 11. h4 dxe4 12. Nxe4 Nxe4 13. Qxe4 Qd5 14. Bg2 Nf6 15. Qxd5 exd5 16. f3 0-0 17. h5 Rfe8 18. Rde1 Nd7 19. c3 Bf8 20. hxg6 hxg6 21. Kc2 Bd6 22. Bf2 Nf8 23. Rxe8 Rxe8 24. Re1 Ne6 25. Bf1 Kg7 26. Bg2 a5 27. a4 Rc8 28. Be3 Bg3 29. Rh1 Re8 30. Bf1 Bf4 31. Bxf4 Nxf4 32. Kd2 Ne6 33. Be2 Kf6 34. Rh7 b6 35. Rh1 Kg5 36. Rh7 Kf6 37. Rh1 Rd8 38. Rh7 c5 39. dxc5 bxc5 40. Rh1 Kg5 41. Rh7 Rf8 42. Ke3 Kf6 43. Rh1 Re8 44. Kd2 Rb8 45. Kc2 c4 46. Rd1 Nf4 47. Bf1 Rh8 48. Rd2 Rh1 49. Rf2 Kg5 50. b3 Kh4 51. bxc4 Kg3 52. Rd2 Rxf1 53. cxd5 Rf2 54. d6 Kxf3 55. d7 Ne6 56. Rxf2+ Kxf2 57. c4 Ke3 58. c5 Ke4 59. c6 Nd4+ 60. Kc3 Nxc6 61. Kc4 Ne5+ 0-1

[Event "Titled Tuesday intern op 04th Feb Early"]
[Site "Chess.com INT"]
[Date "2025.02.04"]
[Round "10"]
[White "Drozdowski, Kacper"]
[Black "Papasimakopoulos, Alexandros"]
[Result "1/2-1/2"]
[WhiteElo "2450"]
[BlackElo "2387"]
[PlyCount "145"]
[EventDate "2025.02.04"]
[EventType "swiss (blitz)"]
[EventRounds "11"]
[EventCountry "USA"]
[SourceTitle "CB07_2025"]
[SourceDate "2025.02.12"]
[SourceVersion "1"]
[SourceVersionDate "2025.02.12"]
[SourceQuality "1"]

1. e4 e6 2. d4 d5 3. Nc3 Bb4 4. Nge2 Nc6 5. exd5 exd5 6. a3 Ba5 7. g3 Bg4 8. Bg2 Nce7 9. 0-0 c6 10. Be3 Nf6 11. h3 Bf5 12. Nf4 Bxc3 13. bxc3 0-0 14. g4 Bd7 15. Qd3 Re8 16. Rfe1 Ng6 17. Nxg6 hxg6 18. c4 dxc4 19. Qxc4 Be6 20. Qd3 Bd5 21. f3 b5 22. Bf2 Qd6 23. Qd2 Rxe1+ 24. Bxe1 Re8 25. a4 a6 26. axb5 axb5 27. Bf2 Nd7 28. Re1 Re6 29. h4 Nb6 30. Rxe6 Qxe6 31. Qe3 Qd7 32. Bg3 Nc4 33. Qf4 Qe6 34. Kf2 Qe7 35. Bf1 Qb4 36. h5 gxh5 37. gxh5 Qd2+ 38. Qxd2 Nxd2 39. Be2 Nc4 40. Bf4 Nb6 41. Bd3 Nd7 42. h6 gxh6 43. Bxh6 Nf8 44. Bxf8 Kxf8 45. Ke3 Ke7 46. c3 Ke6 47. Kf4 Kf6 48. Kg4 Ke6 49. f4 f6 50. Bf5+ Ke7 51. Kg3 Kf7 52. Kf2 Ke7 53. Ke3 Kd6 54. Bd3 Ke6 55. Bc2 Kd6 56. Bd3 Ke6 57. Bc2 Ke7 58. Bd3 Kf7 59. Bc2 Kg7 60. Kf2 Kf7 61. Ke3 Ke8 62. Kf2 Kd7 63. Ke3 Kc7 64. Kd2 Kb6 65. Ke3 Ka5 66. Kd2 b4 67. cxb4+ Kxb4 68. Ke3 Kc3 69. Bf5 Kc4 70. Bd7 Kc3 71. Bf5 Kc4 72. Bd3+ Kc3 73. Bf5 1/2-1/2

[Event "Titled Tuesday intern op 04th Feb Early"]
[Site "Chess.com INT"]
[Date "2025.02.04"]
[Round "3"]
[White "Finegold, Benjamin"]
[Black "Drozdowski, Kacper"]
[Result "0-1"]
[WhiteElo "2385"]
[BlackElo "2450"]
[PlyCount "178"]
[EventDate "2025.02.04"]
[EventType "swiss (blitz)"]
[EventRounds "11"]
[EventCountry "USA"]
[SourceTitle "CB07_2025"]
[SourceDate "2025.02.12"]
[SourceVersion "1"]
[SourceVersionDate "2025.02.12"]
[SourceQuality "1"]

1. d4 Nf6 2. c4 e6 3. Nc3 Bb4 4. Qc2 d5 5. cxd5 exd5 6. Bg5 0-0 7. e3 h6 8. Bh4 Be7 9. Bd3 c6 10. Nf3 Be6 11. 0-0 Nbd7 12. Rab1 a5 13. a3 b5 14. e4 b4 15. exd5 Nxd5 16. Bxe7 Qxe7 17. axb4 Nxb4 18. Qd2 Nxd3 19. Qxd3 Qb4 20. Rfe1 Rfd8 21. h3 a4 22. Qd2 Nf6 23. Red1 c5 24. Qe3 Bb3 25. Rd2 Re8 26. Qd3 c4 27. Qf5 a3 28. Qb5 Qxb5 29. Nxb5 a2 30. Ra1 Nd5 31. Ne5 f6 32. Nd7 Ba4 33. Rxa2 Bxb5 34. Rxa8 Rxa8 35. Nc5 Re8 36. f3 Re1+ 37. Kf2 Rb1 38. Ne4 Ba6 39. Nc5 Bc8 40. Ne4 Kh7 41. Rc2 Bf5 42. Rxc4 Rxb2+ 43. Kg3 Rxg2+ 44. Kxg2 Ne3+ 45. Kg3 Nxc4 46. Nf2 Kg6 47. Kf4 Bd7 48. h4 Kh5 49. Kg3 Ne3 50. Ne4 Nf5+ 51. Kf4 Nxh4 52. d5 Ng6+ 53. Kg3 Ne5 54. d6 Kg6 55. Nc5 Bc6 56. f4 Nd7 57. Ne6 f5 58. Nd4 Be4 59. Nb3 Kf6 60. Nd4 g6 61. Kh4 Bd5 62. Kg3 Nc5 63. Nb5 Ke6 64. Kh4 Ne4 65. Nd4+ Kxd6 66. Nf3 Ke7 67. Ne5 Kf6 68. Nd7+ Kg7 69. Ne5 Be6 70. Kh3 Nf6 71. Kh4 Nd5 72. Kg3 Kf6 73. Nf3 g5 74. fxg5+ hxg5 75. Nd4 f4+ 76. Kf3 g4+ 77. Kf2 Ke5 78. Ne2 Ke4 79. Ng1 Nf6 80. Ne2 Bc4 81. Nc3+ Ke5 82. Na4 Ne4+ 83. Kg2 Bb5 84. Nb2 f3+ 85. Kh2 f2 86. Nd3+ Bxd3 87. Kg2 f1Q+ 88. Kh2 Qf2+ 89. Kh1 Ng3# 0-1

[Event "Titled Tuesday intern op 04th Feb Late"]
[Site "Chess.com INT"]
[Date "2025.02.04"]
[Round "3"]
[White "Gavrilin, Roman"]
[Black "Drozdowski, Kacper"]
[Result "0-1"]
[WhiteElo "2185"]
[BlackElo "2450"]
[PlyCount "152"]
[EventDate "2025.02.04"]
[EventType "swiss (blitz)"]
[EventRounds "11"]
[EventCountry "USA"]
[SourceTitle "CB07_2025"]
[SourceDate "2025.02.12"]
[SourceVersion "1"]
[SourceVersionDate "2025.02.12"]
[SourceQuality "1"]

1. e4 e5 2. d4 exd4 3. Qxd4 Nc6 4. Qe3 b6 5. Nc3 Nge7 6. Bc4 Ng6 7. h4 Bb7 8. h5 Nge5 9. Bb3 Na5 10. Qg3 d6 11. Bf4 Nxb3 12. axb3 f6 13. Nge2 Qd7 14. Nd4 a6 15. Nf5 0-0-0 16. 0-0-0 Qf7 17. f3 Rg8 18. Qf2 g6 19. hxg6 hxg6 20. Nh6 Bxh6 21. Rxh6 Rh8 22. Rdh1 Rxh6 23. Rxh6 Nd7 24. Be3 Rg8 25. Qh4 Bc6 26. Rh7 Qe6 27. Qh3 Qxh3 28. Rxh3 f5 29. exf5 gxf5 30. Rh2 Ne5 31. Kd2 a5 32. Bf4 Nd7 33. Ne2 Nc5 34. Nd4 Bd7 35. g3 Na6 36. Rh5 Rf8 37. Rh7 Nb4 38. Rg7 Nd5 39. Ne2 Rh8 40. Rf7 Rh2 41. Kd1 Rf2 42. Rf8+ Kb7 43. Rf7 Be6 44. Rf8 Rf1+ 45. Kd2 Bc8 46. Nd4 Rf2+ 47. Kd1 Nb4 48. Nxf5 Rxc2 49. Nd4 Rxb2 50. Rf7 Nd5 51. Bxd6 Ne3+ 52. Kc1 Rf2 53. Rxc7+ Ka6 54. Rxc8 Nd5 55. Ra8+ Kb7 56. Rb8+ Ka6 57. Be5 Nb4 58. Rc8 Nd3+ 59. Kb1 Nxe5 60. f4 Nd3 61. Rc6 Nb4 62. Rg6 Kb7 63. Nf5 Nd5 64. Nd6+ Ka6 65. Nc4 Kb5 66. Kc1 Kc5 67. Kd1 a4 68. Ne5 Ra2 69. bxa4 Rxa4 70. Rc6+ Kd4 71. Rd6 Ke4 72. Ke2 Ra2+ 73. Kf1 b5 74. Ng6 b4 75. Re6+ Kf3 76. Rd6 Ra1# 0-1

[Event "Titled Tuesday intern op 04th Feb Late"]
[Site "Chess.com INT"]
[Date "2025.02.04"]
[Round "11"]
[White "Haddouche, Mohamed Amine"]
[Black "Drozdowski, Kacper"]
[Result "0-1"]
[WhiteElo "2490"]
[BlackElo "2450"]
[PlyCount "120"]
[EventDate "2025.02.04"]
[EventType "swiss (blitz)"]
[EventRounds "11"]
[EventCountry "USA"]
[SourceTitle "CB07_2025"]
[SourceDate "2025.02.12"]
[SourceVersion "1"]
[SourceVersionDate "2025.02.12"]
[SourceQuality "1"]

1. e4 Nf6 2. e5 Nd5 3. d4 d6 4. Nf3 Bg4 5. Be2 c6 6. Ng5 Bxe2 7. Qxe2 dxe5 8. dxe5 h6 9. Nf3 e6 10. 0-0 Nd7 11. c4 Ne7 12. Nc3 Ng6 13. g3 Qc7 14. Re1 Bb4 15. Bd2 0-0 16. Nd5 exd5 17. Bxb4 c5 18. Bd2 d4 19. e6 Nf6 20. Ne5 Nxe5 21. Qxe5 Qxe5 22. Rxe5 fxe6 23. Rxe6 Rae8 24. Rae1 Rxe6 25. Rxe6 Kf7 26. Re5 b6 27. Kg2 Rc8 28. h3 Nd7 29. Re1 a6 30. f4 b5 31. Rc1 bxc4 32. Rxc4 Ke6 33. b3 Kd5 34. Rc1 Nf6 35. Kf3 Ne4 36. Be1 Re8 37. g4 Nd6 38. Bf2 a5 39. Rd1 Nb5 40. Re1 Rc8 41. Re5+ Kd6 42. Bg3 Nc3 43. f5 Kc6 44. Re7 Nxa2 45. Rxg7 a4 46. bxa4 c4 47. f6 c3 48. Rc7+ Rxc7 49. Bxc7 Kxc7 50. f7 c2 51. f8Q c1Q 52. Qf7+ Kd6 53. Qxa2 Qe3+ 54. Kg2 d3 55. Qa3+ Kd5 56. Qb3+ Kd6 57. Qb4+ Ke6 58. Qc4+ Kf6 59. Qc6+ Ke5 60. Qc7+ Kd5 0-1

[Event "Titled Tuesday intern op 04th Feb Late"]
[Site "Chess.com INT"]
[Date "2025.02.04"]
[Round "9"]
[White "Hovakimyan, Vache"]
[Black "Drozdowski, Kacper"]
[Result "0-1"]
[WhiteElo "2289"]
[BlackElo "2450"]
[PlyCount "68"]
[EventDate "2025.02.04"]
[EventType "swiss (blitz)"]
[EventRounds "11"]
[EventCountry "USA"]
[SourceTitle "CB07_2025"]
[SourceDate "2025.02.12"]
[SourceVersion "1"]
[SourceVersionDate "2025.02.12"]
[SourceQuality "1"]

1. e4 c6 2. d4 d5 3. exd5 cxd5 4. c4 Nf6 5. Nc3 e6 6. Nf3 Nc6 7. c5 Be7 8. Bb5 0-0 9. 0-0 Bd7 10. Bxc6 Bxc6 11. b4 a6 12. a4 Ne4 13. Bb2 Bf6 14. Qb3 b5 15. axb5 axb5 16. Rxa8 Qxa8 17. Ra1 Qb7 18. Qa3 Rb8 19. Qa7 Qc8 20. Nxe4 dxe4 21. Ne5 Bxe5 22. dxe5 h6 23. Qe7 Rb7 24. Qh4 Rd7 25. h3 Rd2 26. Bc1 Rd1+ 27. Kh2 e3 28. Qg4 Qd8 29. fxe3 Kh7 30. e4 Qd4 31. Rb1 Qg1+ 32. Kg3 Qe1+ 33. Kh2 Qg1+ 34. Kg3 Rxc1 0-1